| 000 | 00568cam a22002171 4500 | ||
|---|---|---|---|
| 001 | sa 67007053 | ||
| 003 | DLC | ||
| 005 | 20260227112412.0 | ||
| 008 | 890711m19621966ii 000 0 hino | ||
| 010 | _asa 67007053 | ||
| 035 | _a(OCoLC)19991063 | ||
| 040 |
_aDLC _cWaU _dDLC |
||
| 042 | _apremarc | ||
| 050 | 0 | 0 |
_aPK2098.K384 _bM7 |
| 100 | 1 |
_aKhatrī, Durgāprasāda, _d1895-1973. |
|
| 245 | 1 | 0 | _aMr̥tyu-kiraṇa; athavā, Rakta-maṇḍala. |
| 260 | _c[1962-66; v. 1, 1966] | ||
| 300 |
_a2 v. _c18 cm. |
||
| 500 | _aIn Hindi. | ||
| 740 | 0 | _aRakta-maṇḍala. | |
| 999 |
_c76322 _d76322 |
||